Podział administracyjny Szwajcarii - Statystyki

Ogólne statystyki
  • Ten quiz został rozwiązany 65 razy
  • Średni wynik to 9 z 26
Statystyki odpowiedzi
Kanton % Poprawnych
Berno
92%
Zurych
85%
Genewa
77%
Lucerna
54%
Sankt Gallen
46%
Ticino
46%
Uri
46%
Vaud
46%
Fryburg
38%
Gryzonia
38%
Valais
38%
Bazylea-Miasto
31%
Bazylea-Okręg
31%
Jura
31%
Zug
31%
Appenzell Ausserrhoden
23%
Appenzell Innerrhoden
23%
Neuchâtel
23%
Schwyz
23%
Solura
23%
Argowia
15%
Glarus
15%
Nidwalden
15%
Obwalden
15%
Szafuza
15%
Turgowia
15%
Nie znaleziono quizów pasujących do podanych kryteriów
Rozkład punktacji
Procent ludzi z każdym wynikiem
Percentyl według liczby udzielonych odpowiedzi
Twoja historia wyników
Nie rozwiązałeś tego quizu